[Event "10th EICC w"]
[Site "St Petersburg RUS"]
[Date "2009.03.16"]
[Round "8"]
[White "Azimova,K"]
[Black "Avdeenko,T"]
[Result "0-1"]
[WhiteElo "1940"]
[BlackElo "2168"]

1.e4 d6 2.d4 Nf6 3.Nc3 e5 4.Nf3 Be7 5.Bc4 Nbd7 6.O-O O-O 7.Re1 c6 8.a4 exd4
9.Nxd4 Ne5 10.Bb3 Re8 11.a5 Bd7 12.h3 b5 13.axb6 axb6 14.Be3 Rxa1 15.Qxa1 b5
16.f4 Ng6 17.Qa2 Rf8 18.Nf3 Nh5 19.Ne2 Nh4 20.Ng5 Bxg5 21.fxg5 Qe7 22.Bf2 Qxe4
23.Bxh4 Qxh4 24.Rf1 d5 25.Qa7 Rd8 26.Qe3 Re8 27.Qf3 Be6 28.Qe3 g6 29.c3 Ng7
30.Qc5 Bxh3 31.Rf2 Bd7 32.Bxd5 cxd5 33.Qxd5 Be6 34.Qxb5 Bc4 35.Qa4 Qg4 36.Nd4 Re1+  0-1

[Event "10th EICC w"]
[Site "St Petersburg RUS"]
[Date "2009.03.16"]
[Round "8"]
[White "Kovanova,B"]
[Black "Kovalevskaya,E"]
[Result "1/2-1/2"]
[WhiteElo "2386"]
[BlackElo "2442"]

1.e4 d6 2.d4 Nf6 3.Nc3 e5 4.Nf3 Nbd7 5.Bc4 Be7 6.O-O O-O 7.a4 c6 8.Re1 b6
9.b3 a6 10.Bd3 Re8 11.Ne2 Bf8 12.Ng3 exd4 13.Nxd4 c5 14.Ndf5 Bb7 15.Bf4 Ne5
16.Bf1 g6 17.Nh6+ Bxh6 18.Bxh6 Nfg4 19.Be3 Qh4 20.h3 Nxe3 21.Rxe3 Rad8 22.Qe1 Re6
23.b4 cxb4 24.Qxb4 d5 25.Rb1 d4 26.Ree1 d3 27.cxd3 Nxd3 28.Bxd3 Rxd3 29.Rbd1 Qd8
30.Rxd3 Qxd3 31.Re3 Qd7 32.a5 bxa5 33.Qxa5 Rc6 34.Qe5 h5 35.Qg5 Kh7 36.Rf3 Qc7
37.Rf4 Rc5 38.Rxf7+ Qxf7 39.Qxc5 h4 40.Ne2 Bxe4 41.Qg5 Qb7 42.Qxh4+ Kg7 43.Nf4 Bf5
44.Qg5 Kf7 45.Qd8 Qd7 46.Qb6 Qb5 47.Qd6 a5 48.Nd5 Qd7 49.Qf6+ Ke8 50.Qe5+ Kf7
51.g4 Bb1 52.Qf4+ Ke6 53.Nc7+ Ke7 54.Qe5+ Kf7 55.g5 Bf5 56.Nd5 Qe6 57.Qc7+ Qe7
58.Qxa5 Bxh3 59.Ne3 Be6 60.Qe5 Qd8 61.Kg2 Bf5 62.Qf4 Qd7 63.Kg3 Qe6 64.Ng4 Ke7
65.Nf6 Qd6 66.Ng8+ Ke6 67.Nh6 Qxf4+ 68.Kxf4 Bb1 69.Ng4 Bf5 70.f3 Bb1 71.Ne3 Bd3
72.Ng4  1/2-1/2

[Event "10th EICC w"]
[Site "St Petersburg RUS"]
[Date "2009.03.16"]
[Round "8"]
[White "Jinova,L"]
[Black "Lomako,A"]
[Result "1-0"]
[WhiteElo "2131"]
[BlackElo "2277"]

1.e4 d6 2.d4 Nf6 3.Nc3 e5 4.Nf3 Nbd7 5.Bc4 Be7 6.O-O O-O 7.h3 c6 8.a4 d5
9.exd5 e4 10.Ne5 Qc7 11.Bf4 Nb6 12.Bb3 Bd6 13.dxc6 bxc6 14.Bg3 Bf5 15.Qe2 a6
16.a5 Nbd5 17.Ra4 Rfe8 18.Rc4 c5 19.Nxd5 Nxd5 20.Nxf7 Bxg3 21.fxg3 Be6 22.Rxc5 Qb7
23.Nd6 Qb4 24.Nxe8 Rxe8 25.Bxd5 Qxd4+ 26.Qf2  1-0

[Event "SPICE Spring Inv"]
[Site "Lubbock USA"]
[Date "2009.03.17"]
[Round "2"]
[White "Hess,Ro"]
[Black "Gareev,T"]
[Result "1/2-1/2"]
[WhiteElo "2483"]
[BlackElo "2580"]

1.e4 d6 2.d4 Nf6 3.Nc3 e5 4.dxe5 dxe5 5.Qxd8+ Kxd8 6.Bc4 Be6 7.Bxe6 fxe6
8.Be3 Bb4 9.Ne2 Ke7 10.f3 Bc5  1/2-1/2

[Event "10th EICC w"]
[Site "St Petersburg RUS"]
[Date "2009.03.17"]
[Round "9"]
[White "Cherenkova,K"]
[Black "Shumiakina,T"]
[Result "0-1"]
[WhiteElo "2270"]
[BlackElo "2324"]

1.e4 d6 2.d4 Nf6 3.Nc3 e5 4.Nf3 Nbd7 5.Bc4 Be7 6.O-O O-O 7.Re1 c6 8.a4 b6
9.b3 a6 10.Bb2 Bb7 11.d5 c5 12.Nd2 Ne8 13.Ne2 g6 14.Nf1 Ng7 15.Ne3 Bg5 16.Rf1 Nf6
17.Qd3 Qe7 18.f3 Nfh5 19.g4 Nf4 20.Nxf4 Bxf4 21.Ng2 Bh6 22.Rae1 Ne8 23.f4 Bg7
24.f5 g5 25.Bc1 h6 26.h4 f6 27.Re3 Nc7 28.Rh3 b5 29.hxg5 fxg5 30.f6 Bxf6
31.Rxh6 bxc4 32.Qh3 Bg7 33.Rxf8+ Rxf8 34.Rh5 Qf6 35.Rxg5 Qf1+ 36.Kh2 Ne8
37.Be3 Bc8 38.Qh5 Nf6 39.Rxg7+ Kxg7 40.Bh6+ Kh7  0-1

[Event "10th EICC w"]
[Site "St Petersburg RUS"]
[Date "2009.03.17"]
[Round "9"]
[White "Avdeenko,T"]
[Black "Kirillova,V"]
[Result "1-0"]
[WhiteElo "2168"]
[BlackElo "2246"]

1.e4 d6 2.d4 Nf6 3.Nc3 e5 4.Nge2 Nbd7 5.g3 c6 6.a4 Be7 7.Bg2 b6 8.O-O a6
9.h3 Bb7 10.g4 O-O 11.Be3 b5 12.axb5 axb5 13.Rxa8 Qxa8 14.Ng3 g6 15.g5 Ne8
16.dxe5 Nxe5 17.b3 f6 18.f4 Nf7 19.gxf6 Bxf6 20.Qd2 b4 21.Na4 c5 22.Nb6 Qd8
23.Nc4 Bh4 24.Kh2 Qe7 25.Bf2 Ng7 26.Re1 Ne6 27.Nf5 gxf5 28.exf5 Bxf2 29.Qxf2 Nfd8
30.Bxb7 Nxb7 31.fxe6 Kh8 32.Nb6 Na5 33.Nd7 Rf5 34.Qg3  1-0

[Event "10th EICC w"]
[Site "St Petersburg RUS"]
[Date "2009.03.17"]
[Round "9"]
[White "Stjazhkina,O"]
[Black "Stojanovic,Andj"]
[Result "1/2-1/2"]
[WhiteElo "2280"]
[BlackElo "2372"]

1.d4 d6 2.e4 Nf6 3.Nc3 e5 4.dxe5 dxe5 5.Qxd8+ Kxd8 6.Bg5 Nd7 7.O-O-O c6 8.Bc4 Ke8
9.f3 b5 10.Bb3 Nc5 11.Nge2 Nfd7 12.Ng3 f6 13.Be3 a5 14.a4 b4 15.Nce2 g6 16.f4 Nxb3+
17.cxb3 Nc5 18.Kc2 h5 19.h4 Be6 20.Nc1 Nxe4 21.Nce2 Nxg3 22.Nxg3 Bh6 23.Rhf1 Bd5
24.Rfe1 Bg7 25.fxe5 fxe5 26.Bg5 Rf8 27.Ne4 Kd7 28.Rd2 Rf7 29.Red1 Kc7 30.Rxd5 cxd5
31.Rxd5 Rd7 32.Rc5+ Kb7 33.Rb5+ Kc8 34.Rb6 Raa7 35.Nd6+ Kc7 36.Be3 Ra8 37.Nc4 e4
38.Rxg6 Bd4 39.Bxd4 Rxd4 40.Rg7+ Kc6 41.Rg6+ Kc7 42.Rg7+ Kc6 43.Rg6+ Kc7  1/2-1/2

[Event "3rd Georgi Agzamov Mem"]
[Site "Tashkent AZE"]
[Date "2009.03.17"]
[Round "2"]
[White "Iuldachev,S"]
[Black "Semiev,S"]
[Result "1-0"]
[WhiteElo "2520"]
[BlackElo "2228"]

1.e4 d6 2.d4 Nf6 3.Nc3 c6 4.Nf3 b5 5.Bd3 g6 6.e5 b4 7.exf6 bxc3 8.O-O e6
9.bxc3 Nd7 10.Bg5 h6 11.Bh4 Nxf6 12.Nd2 g5 13.Bg3 Nd5 14.c4 Ne7 15.c5 Nf5
16.Bxf5 exf5 17.Qf3 d5 18.Be5 Rg8 19.Rfe1 Be6 20.Rab1 g4 21.Qd3 Qc8 22.Rb3 f6
23.Bxf6 Kf7 24.Be5 Bg7 25.Nf1 h5 26.Ng3 h4 27.Nh5 Bh6 28.Reb1 Kg6 29.Nf6 Rf8
30.Nxg4 Bg5 31.Bd6 Re8 32.Ne5+ Kh6 33.Rb7 Bd8 34.Rb8  1-0

[Event "10th EICC w"]
[Site "St Petersburg RUS"]
[Date "2009.03.18"]
[Round "10"]
[White "Ikonomopoulou,M"]
[Black "Rozhko,M"]
[Result "1-0"]
[WhiteElo "2052"]
[BlackElo "2134"]

1.e4 d6 2.d4 Nf6 3.Nc3 c6 4.f4 Qa5 5.Bd3 e5 6.Nf3 Bg4 7.Be3 Nbd7 8.O-O Be7
9.h3 Bxf3 10.Qxf3 O-O 11.Ne2 b5 12.g4 c5 13.c3 cxd4 14.cxd4 exf4 15.Bxf4 Rac8
16.Ng3 Qd8 17.Nf5 d5 18.exd5 Bb4 19.a3 Ba5 20.d6 Kh8 21.Ne7 Qb6 22.Qf2 b4
23.Nxc8 Rxc8 24.Bf5 h6 25.g5 hxg5 26.Bxg5 Re8 27.Rfe1 Rxe1+ 28.Rxe1 bxa3
29.Re8+ Nxe8 30.Qh4+ Kg8  1-0

[Event "10th EICC w"]
[Site "St Petersburg RUS"]
[Date "2009.03.18"]
[Round "10"]
[White "Kadziolka,B"]
[Black "Limontaite,S"]
[Result "1/2-1/2"]
[WhiteElo "2295"]
[BlackElo "2206"]

1.e4 d6 2.d4 Nf6 3.Nc3 c6 4.f4 Qa5 5.Bd3 e5 6.Nf3 Bg4 7.Be3 Nbd7 8.O-O Be7
9.h3 exf4 10.Bxf4 Bh5 11.g4 Bg6 12.Qe1 Qd8 13.Kg2 O-O 14.Nh4 Ne8 15.Nxg6 hxg6
16.e5 dxe5 17.dxe5 Nc7 18.Rd1 Qc8 19.Ne4 Ne6 20.Nd6 Qc7 21.Bc4 Ndc5 22.b4 b5
23.bxc5 bxc4 24.Qe4 Qa5 25.Qxc4 Qxc5 26.Qxc5 Nxc5 27.Rb1 Rab8 28.Be3 Ne6
29.Bxa7 Rbd8 30.Bb6 Rd7 31.Nc4 Ra8 32.Na5 Rd2+ 33.Rf2 Rxf2+ 34.Kxf2 Bc5+
35.Bxc5 Rxa5 36.Be3 Rxa2 37.Rc1 g5 38.Kf3 Kh7 39.Ke4 Kg6 40.Kd3 Ra5 41.Ke4 Ra2  1/2-1/2

[Event "3rd Georgi Agzamov Mem"]
[Site "Tashkent AZE"]
[Date "2009.03.18"]
[Round "3"]
[White "Kasimdzhanov,R"]
[Black "Djuraev,S"]
[Result "1-0"]
[WhiteElo "2687"]
[BlackElo "2353"]

1.e4 d6 2.d4 Nf6 3.Nc3 e5 4.Nf3 Nbd7 5.Bc4 Be7 6.O-O O-O 7.Re1 c6 8.a4 Qc7
9.a5 Rb8 10.Bf1 b5 11.axb6 axb6 12.d5 b5 13.dxc6 Qxc6 14.Bg5 Re8 15.Nd5 Bd8
16.Nb4 Qc5 17.c3 Ng4 18.Qd2 Nb6 19.Bxd8 Rxd8 20.h3 Nf6 21.Nxe5 Bb7 22.Ned3 Qh5
23.Qf4 Nc4 24.e5 dxe5 25.Nxe5 Nd5 26.Nxd5 Bxd5 27.b3 Nxe5 28.Rxe5 Qh6 29.Qxh6 gxh6
30.b4 Bc6 31.Ra6 Be8 32.Be2 Kg7 33.Re3 Rd5 34.h4 h5 35.Rg3+ Kh8 36.Rh6 Rbd8
37.Bxh5 Re5 38.Rg5 Rxg5 39.hxg5 Kg7 40.Bg4 Rd5 41.f4 Bd7 42.Bxd7 Rxd7 43.Rc6 Rd2
44.Kh2 Rd3 45.g3  1-0

[Event "TCh-AUT 1st Bundesliga 2008-9"]
[Site "Ansfelden AUT"]
[Date "2009.03.19"]
[Round "8"]
[White "Ragger,M"]
[Black "Ruck,R1"]
[Result "1/2-1/2"]
[WhiteElo "2540"]
[BlackElo "2558"]

1.e4 d6 2.d4 Nf6 3.Nc3 e5 4.Nf3 Nbd7 5.Bc4 Be7 6.O-O O-O 7.Re1 c6 8.a4 b6
9.h3 a6 10.Ba2 Qc7 11.Be3 Rb8 12.dxe5  1/2-1/2

[Event "TCh-AUT 1st Bundesliga 2008-9"]
[Site "Ansfelden AUT"]
[Date "2009.03.20"]
[Round "9"]
[White "Atlas,V"]
[Black "Kunin,V"]
[Result "1-0"]
[WhiteElo "2431"]
[BlackElo "2546"]

1.e4 d6 2.d4 Nf6 3.Nc3 Nbd7 4.g3 e5 5.Nge2 c6 6.Bg2 Qc7 7.O-O Be7 8.a4 O-O
9.h3 Re8 10.g4 h6 11.Be3 Bf8 12.Ng3 Nh7 13.Qd2 Ndf6 14.f4 exf4 15.Bxf4 Be6
16.Rf2 Rad8 17.Raf1 Qa5 18.Be3 Bc4 19.Rd1 Be6 20.d5 Bc8 21.Rdf1 Qc7 22.Bd4 Be7
23.Nd1 cxd5 24.exd5 Nd7 25.Bxg7 Bg5 26.Qc3 Qxc3 27.Bxc3 Ne5 28.Nf5 Bxf5 29.Rxf5 Rd7
30.b3 Nf8 31.Bd4 b6 32.Nf2 Nfg6 33.Ne4 Nh4 34.Rxg5+ hxg5 35.Nf6+ Kf8 36.Bxe5 Ke7
37.Nxd7 Nxg2 38.Kxg2  1-0

[Event "10th Dos Hermanas Internet"]
[Site "ICC INT"]
[Date "2009.03.20"]
[Round "1.2"]
[White "Hammer,J"]
[Black "Strikovic,A"]
[Result "1-0"]
[WhiteElo "2532"]
[BlackElo "2533"]

1.e4 d6 2.d4 Nf6 3.Nc3 e5 4.Nf3 Nbd7 5.Bc4 Be7 6.a4 O-O 7.O-O a5 8.Re1 c6
9.Bf1 exd4 10.Nxd4 Nc5 11.g3 Qb6 12.h3 Re8 13.Bg2 Bf8 14.b3 g6 15.Bb2 Bd7
16.Qd2 Rad8 17.Rad1 Bc8 18.Qf4 Nh5 19.Qg5 Bg7 20.Qd2 Ne6 21.Nxe6 Rxe6 22.Kh2 Rde8
23.Ba3 Nf6 24.Re2 Nd7 25.Rde1 Nc5 26.Nd1 h5 27.Nb2 Nxb3 28.cxb3 Qxb3 29.Re3 Qb6
30.Nc4 Qc7 31.Bxd6 Qd8 32.Bc5 Qxd2 33.Nxd2 b5 34.Nb3 bxa4 35.Nxa5 Ba6 36.f4 Bb5
37.e5 f6 38.exf6 Rxe3 39.Rxe3 Rxe3 40.Bxe3 Bxf6 41.Bxc6 Bxc6 42.Nxc6 a3 43.Nb4 Kf7
44.Na2 Ke6 45.Kg2 Kd5 46.Bd2 Kc4 47.Bb4 Kb3 48.Bxa3 Kxa3 49.Nc1 Kb4 50.Kf3 Kc4
51.Ke4 Kc5 52.h4 Kd6 53.Nd3 Bc3 54.Ne5 Be1 55.Kf3 Ke6 56.Nxg6 Kf5 57.Ne5 Kf6
58.Nd3 Bd2 59.Nf2 Bc3 60.Ne4+ Kf5 61.Nxc3  1-0

[Event "10th Dos Hermanas Internet"]
[Site "ICC INT"]
[Date "2009.03.20"]
[Round "1.4"]
[White "Hammer,J"]
[Black "Strikovic,A"]
[Result "1-0"]
[WhiteElo "2532"]
[BlackElo "2533"]

1.e4 d6 2.d4 Nf6 3.Nc3 e5 4.Nf3 Nbd7 5.Bc4 Be7 6.O-O O-O 7.Re1 c6 8.a4 a5
9.h3 exd4 10.Nxd4 Nc5 11.Bf1 Re8 12.g3 d5 13.e5 Nfe4 14.Nxe4 dxe4 15.Bf4 Bf8
16.h4 Qb6 17.Nb3 Nxb3 18.cxb3 Be6 19.Bc4 Rad8 20.Qc2 Bd5 21.Rad1 Bb4 22.Re2 h6
23.Be3 Bc5 24.Bxd5 Bxe3 25.Bxf7+ Kxf7 26.Rxd8 Qxd8 27.Rxe3 Rxe5 28.Kg2 Qd5
29.Qe2 Re6 30.Qg4 h5 31.Qf4+ Kg6 32.Qc7 Qf5 33.Qc8 Rd6 34.Qe8+ Kh7 35.Qxe4 Qxe4+
36.Rxe4 Rd2 37.Re7 b5 38.axb5 cxb5 39.Re5 b4 40.Rxh5+ Kg6 41.Rxa5 Rxb2 42.Rb5 Rxb3
43.g4 Kf6 44.f3 Rb1 45.Kg3 b3 46.Kf4 g6 47.Rb6+ Kf7 48.Kg5 b2 49.Rb7+ Ke6
50.Kxg6 Ke5 51.h5 Kf4 52.h6 Kxf3 53.h7  1-0

[Event "TCh-AUT 1st Bundesliga 2008-9"]
[Site "Ansfelden AUT"]
[Date "2009.03.21"]
[Round "10"]
[White "Caruana,F"]
[Black "Bezold,M"]
[Result "1-0"]
[WhiteElo "2646"]
[BlackElo "2509"]

1.e4 d6 2.d4 Nf6 3.Nc3 e5 4.Nf3 Nbd7 5.Bc4 Be7 6.O-O O-O 7.a4 a5 8.Re1 c6
9.h3 Nb6 10.Bf1 Nfd7 11.Be3 exd4 12.Qxd4 Nc5 13.Rad1 Re8 14.b3 Nbd7 15.Qd2 Qc7
16.Nd4 Nf6 17.f3 Be6 18.g4 h6 19.Bg2 Rad8 20.Bf2 Bc8 21.f4 Qb6 22.Nf5 Bxf5
23.gxf5 Qb4 24.Bd4 Nfd7 25.Qe3 Bh4 26.Re2 Bf6 27.Red2 Na6 28.Kh1 Bxd4 29.Rxd4 Qc5
30.Qg3 d5 31.exd5 Nf6 32.Ne4 Rxe4 33.Bxe4 Re8 34.Qg2 cxd5 35.Bxd5 Nb4 36.Rg1 Nh5
37.Rdd1 Qc3 38.Bc4 Nxf4 39.Qg3  1-0

[Event "SPICE Spring Inv"]
[Site "Lubbock USA"]
[Date "2009.03.21"]
[Round "8"]
[White "Robson,R"]
[Black "Gareev,T"]
[Result "0-1"]
[WhiteElo "2455"]
[BlackElo "2580"]

1.e4 d6 2.d4 Nf6 3.Nc3 Nbd7 4.f4 e5 5.Nf3 exd4 6.Qxd4 c6 7.Be3 d5 8.O-O-O Bc5
9.Qd3 Qb6 10.Bd2 O-O 11.e5 Ng4 12.Ng5 g6 13.Na4 Qd8 14.e6 fxe6 15.Nxe6 Qe7
16.Nxf8 Qxf8 17.Qe2 Ngf6 18.g3 Bd6 19.Bg2 b5 20.Nc3 b4 21.Nb1 Nb6 22.Be3 Nc4
23.Bd4 Bg4 24.Bf3 Re8 25.Qg2 Bc5 26.Bxg4 Nxg4 27.Bxc5 Qxc5 28.Rhe1 Nce3 29.Qe2 Re4
30.Rh1 Nxd1 31.Qxg4 Qe3+ 32.Nd2 Nf2 33.Qc8+ Re8 34.Qxc6 Qe1+ 35.Rxe1 Rxe1+  0-1

[Event "TOP 16 GpB"]
[Site "Metz FRA"]
[Date "2009.03.21"]
[Round "2"]
[White "Roos,J"]
[Black "Elbilia,J"]
[Result "0-1"]
[WhiteElo "2300"]
[BlackElo "2402"]

1.e4 d6 2.d4 Nf6 3.Nc3 e5 4.Nf3 Nbd7 5.Bc4 Be7 6.O-O O-O 7.Qe2 c6 8.a4 a5
9.Rd1 Qc7 10.h3 h6 11.Ba2 exd4 12.Nxd4 Nc5 13.Bf4 Qb6 14.Qe3 Re8 15.Nb3 Be6
16.Nxc5 Bxa2 17.Bxd6 Bxd6 18.Rxd6 Bc4 19.Rxf6 gxf6 20.Nd7 Qxe3 21.fxe3 Kg7
22.Nb6 Be6 23.Nxa8 Rxa8 24.Rd1 f5 25.Rd2 Kf6 26.Kf2 Ke5 27.exf5 Bxf5 28.Ne2 Ra6
29.Nd4 Be4 30.Nb3 b6 31.Nd4 Ra8 32.Nf3+ Ke6 33.Nd4+ Ke5 34.Ne2 Rg8 35.Nf4 c5
36.c4 Bc6 37.g3 Rb8 38.b3 Be4 39.Ne2 Rg8 40.Nf4 Rb8 41.h4 Bc6 42.Nd5 Rd8
43.e4 Rd6 44.Re2 Bd7 45.Re3 Bg4 46.Ke1 Kd4 47.Kd2 Ke5 48.Re1 Rg6 49.Nf4 Rd6+
50.Ke3 Rd1 51.Nd3+ Ke6 52.Rxd1 Bxd1 53.Nc1 Bc2 54.Kf4 h5 55.Kg5 Ke5 56.Kxh5 Kxe4
57.Ne2 Bd1  0-1

[Event "TCh-BEL 2008-9"]
[Site "Belgium BEL"]
[Date "2009.03.22"]
[Round "11"]
[White "Donovan,L"]
[Black "Van Tillburgh,J"]
[Result "1-0"]
[WhiteElo "2159"]
[BlackElo "1979"]

1.e4 d6 2.d4 Nf6 3.Nc3 e5 4.Nge2 Be7 5.f3 c6 6.Be3 Nbd7 7.Qd2 h5 8.O-O-O Qc7
9.Ng3 g6 10.Be2 h4 11.Nf1 Nb6 12.d5 cxd5 13.exd5 a6 14.f4 exf4 15.Bxf4 Nh5
16.Qd4 Bf6 17.Qe3+ Kf8 18.Bh6+ Bg7 19.Bxg7+ Nxg7 20.Qd4 Nd7 21.Ne4 Ne5 22.Qb4 Nf5
23.g4 hxg3 24.Nfxg3 Ke7 25.Qd2 f6 26.Rdf1 Bd7 27.h4 Nxg3 28.Nxg3 Rac8 29.h5 g5
30.Ne4 Rcf8 31.Nxf6 Rxf6 32.Qxg5 Rf8 33.Rxf6 Rxf6 34.Rf1  1-0

[Event "TCh-BEL 2008-9"]
[Site "Belgium BEL"]
[Date "2009.03.22"]
[Round "11"]
[White "Van Lishout,F"]
[Black "Verduyn,F"]
[Result "0-1"]
[WhiteElo "2067"]
[BlackElo "2199"]

1.e4 d6 2.d4 Nf6 3.Nc3 c6 4.f4 Qa5 5.Bd3 e5 6.Nf3 Bg4 7.Be3 Nbd7 8.O-O Be7
9.Kh1 O-O 10.h3 Bh5 11.Qd2 Bxf3 12.Rxf3 Qc7 13.g4 Rad8 14.g5 Nh5 15.Rg1 exf4
16.Bxf4 b5 17.Bxb5 Ne5 18.Rf2 Nxf4 19.Qxf4 Ng6 20.Qg3 cxb5 21.h4 Qd7 22.Nd5 Qe6
23.h5 Nh8 24.Nf6+ Bxf6 25.gxf6 Qxe4+ 26.Rgg2 Ng6 27.fxg7 Kxg7 28.Rf4 Qd5
29.Rh4 Rfe8 30.Qf2 Re6 31.Qd2 Re4 32.Rxe4 Qxe4 33.Qf2 Re8 34.Kh2 Qd5 35.hxg6 hxg6
36.a3 Qh5+ 37.Kg1 Rh8 38.Qd2 Qh1+ 39.Kf2 Rh2 40.Kg3 Rxg2+ 41.Qxg2 Qxg2+ 42.Kxg2 Kf6
43.Kf3 d5 44.b3 Kf5  0-1

[Event "47th XtraCon TCh-DEN 2008-9"]
[Site "Denmark DEN"]
[Date "2009.03.22"]
[Round "9"]
[White "Greger,R"]
[Black "Baekgaard,M"]
[Result "1/2-1/2"]
[WhiteElo "2385"]
[BlackElo "2294"]

1.e4 d6 2.d4 Nf6 3.Nc3 e5 4.Nf3 Nbd7 5.Bc4 Be7 6.O-O O-O 7.Re1 b6 8.Qe2 a6
9.a4 Bb7 10.h3 c6 11.dxe5 dxe5 12.Bg5 h6 13.Bh4 b5 14.Bd3 Qc7 15.g4 Rfe8
16.Bg3 Bf8 17.Nd1 Nc5 18.b3 Rad8 19.Nb2 Nfd7 20.Rad1 Ne6 21.c3 Nf4 22.Bxf4 exf4
23.e5 Nc5 24.Bc2 g6 25.Rxd8 Qxd8 26.b4 Ne6 27.Be4 Qc7 28.Nd3 bxa4 29.Ra1 a5
30.Rxa4 axb4 31.cxb4 Qb6 32.Qc2 Rd8 33.Qc4 Qb5 34.Qc2 c5 35.Ra5 Bxe4 36.Rxb5 Bxd3
37.Qa4 Bxb5 38.Qxb5 cxb4 39.Qc4 Bc5 40.Kg2 Rb8 41.Nd2 Bd4 42.Nb3 Bxe5 43.h4 Bc3
44.Kf3 Rd8 45.h5 g5 46.Ke2 Nd4+ 47.Nxd4 Rxd4 48.Qc5 Rd2+ 49.Kf3 Kg7 50.Ke4 Re2+
51.Kd3 Rb2 52.Qb6 Bf6 53.Ke4 Rd2 54.Qxb4 Rxf2 55.Qd6 Re2+ 56.Kf3 Re3+ 57.Kf2 Rc3
58.Qd5 Ra3 59.Qd6 Ra4 60.Kf3 Rd4 61.Qa6 Rd2 62.Qc4 Rh2 63.Qa4 Rh3+ 64.Kf2 Rd3
65.Ke2 Rd4 66.Qc6 Rb4 67.Qd6 Rb3 68.Qd5 Re3+  1/2-1/2

[Event "4NCL 2008-9"]
[Site "Hinckley Island ENG"]
[Date "2009.03.22"]
[Round "8"]
[White "Ledger,D"]
[Black "Purton,B"]
[Result "0-1"]
[WhiteElo "2265"]
[BlackElo "2103"]

1.e4 d6 2.d4 Nf6 3.Nc3 c6 4.f4 Qa5 5.Bd3 e5 6.dxe5 dxe5 7.Nf3 Bg4 8.h3 Bxf3
9.Qxf3 Nbd7 10.Bd2 Qc7 11.f5 O-O-O 12.Bc4 b5 13.Be2 b4 14.Na4 Qa5 15.b3 Nc5
16.Nxc5 Rxd2 17.Kxd2 Bxc5 18.Bc4 Bd4 19.a4 bxa3+ 20.Ke2 Rd8 21.Ra2 Bb2 22.Rd1 Rxd1
23.Kxd1 Qc5 24.Ke2 Qg1 25.b4 Qd4 26.Qd3 Qxe4+ 27.Qxe4 Nxe4 28.Bxf7 Nc3+ 29.Kd3 e4+
30.Ke3 Bc1+ 31.Kd4 e3  0-1

[Event "Kaissa Men"]
[Site "Kharkiv UKR"]
[Date "2009.03.22"]
[Round "3"]
[White "Mischuk,D"]
[Black "Ivanov,AA"]
[Result "0-1"]
[WhiteElo "2299"]
[BlackElo "2503"]

1.e4 d6 2.d4 Nf6 3.Nc3 c6 4.f3 e5 5.Be3 Qb6 6.b3 Nbd7 7.Qd2 Qa5 8.Bd3 d5
9.exd5 Bb4 10.Nge2 Nxd5 11.a3 Bxc3 12.Nxc3 Qxc3 13.Qxc3 Nxc3 14.dxe5 Nd5
15.Bd4 Nf4 16.Bf1 Ne6 17.Bb2 a5 18.g3 a4 19.b4 O-O 20.f4 Re8 21.O-O-O Nc7
22.Bd4 Nf8 23.c4 Bg4 24.Rd2 Nfe6 25.Bb6 Rac8 26.Bd3 g6 27.h3 Bf5 28.Be2 Na8
29.Be3 c5 30.Kb2 Rcd8 31.Rxd8 Rxd8 32.bxc5 Be4 33.Rd1 Rxd1 34.Bxd1 Bc6 35.g4 g5
36.f5 Nf4 37.h4 h6 38.hxg5 hxg5 39.Kc3 Nc7 40.Kd4 Kf8 41.Bd2 Ke7 42.Ba5 Na6
43.Bd2 Nb8 44.Kc3 Nd7 45.Kd4 f6 46.exf6+ Kxf6 47.Ba5 Ke7 48.Bd2 Nf6 49.Ke5 Nh3
50.Be3 Nd7+ 51.Kd4 Kf6 52.Kc3 Ke7 53.Kd4 Nf6 54.Ke5 Ne4 55.Be2 Kf7 56.Bf3 Nhf2
57.Bxg5 Nxg5 58.Bxc6 bxc6 59.Kd6 Nge4+ 60.Kxc6 Nd3 61.g5 Nexc5 62.Kb5 Ke7
63.Kc6 Ne4 64.Kd5 Nxg5 65.Kd4 Nc1 66.Kc3 Na2+ 67.Kb2 Kf6 68.Kxa2 Kxf5 69.Kb2 Ne4
70.Kc2 Ke5 71.Kd3 Nc5+ 72.Kc3 Na6 73.Kd3 Kd6 74.Kd4 Kc6 75.c5 Nxc5 76.Kc4 Na6
77.Kd4 Kb5 78.Kd5 Nc5 79.Kd4 Nb3+ 80.Kd3 Na5 81.Kc2 Nc4 82.Kb1 Nxa3+ 83.Ka2 Nc4
84.Kb1 Kb4 85.Ka2 Ne3 86.Kb2 a3+  0-1

[Event "TOP 16 GpB"]
[Site "Metz FRA"]
[Date "2009.03.22"]
[Round "3"]
[White "Svetushkin,D"]
[Black "Bauer,Ch"]
[Result "1-0"]
[WhiteElo "2593"]
[BlackElo "2610"]

1.d4 d6 2.e4 Nf6 3.Nc3 Nbd7 4.Nge2 e5 5.g3 c6 6.a4 b6 7.Bg2 a6 8.h3 Bb7 9.g4 h6
10.Be3 b5 11.Ng3 g6 12.O-O h5 13.g5 Nh7 14.h4 f6 15.gxf6 Ndxf6 16.axb5 Ng4
17.bxc6 Qxh4 18.Re1 Bxc6 19.dxe5 Be7 20.exd6 Qh2+ 21.Kf1 O-O 22.dxe7 Qxg3
23.exf8=Q+ Rxf8 24.Qd4 Ng5 25.Rxa6 Nh2+ 26.Ke2 Qg4+ 27.Kd3 Nhf3 28.Bxf3 Nxf3
29.Rxc6 Nxd4 30.Bxd4 Rc8 31.Rd6 g5 32.Nd5 Kf7 33.Ra1  1-0

[Event "Kaissa Men"]
[Site "Kharkiv UKR"]
[Date "2009.03.23"]
[Round "4"]
[White "Arzumanian,G"]
[Black "Ivanov,AA"]
[Result "1/2-1/2"]
[WhiteElo "2504"]
[BlackElo "2503"]

1.e4 d6 2.d4 Nf6 3.Nc3 c6 4.Nf3 Bg4 5.Be2 Nbd7 6.h3 Bxf3 7.Bxf3 e5 8.O-O Be7
9.Re1 O-O 10.Be3 Re8 11.g3 Nf8 12.Bg2 N6d7 13.f4 Bf6 14.dxe5 dxe5 15.f5 Bg5
16.Bf2 Be7 17.Qe2 Bc5 18.Bxc5 Nxc5 19.Rad1 Qb6 20.Qf2 Rad8  1/2-1/2

[Event "Kaissa Men"]
[Site "Kharkiv UKR"]
[Date "2009.03.23"]
[Round "4"]
[White "Kravtsiv,M"]
[Black "Potapov,Alexe"]
[Result "1-0"]
[WhiteElo "2510"]
[BlackElo "2316"]

1.e4 d6 2.d4 Nf6 3.Nc3 e5 4.Nf3 Nbd7 5.Bc4 Be7 6.O-O O-O 7.Re1 c6 8.a4 b6
9.b3 a6 10.Ba3 Ra7 11.Bf1 Re8 12.Qd2 Nf8 13.h3 Ng6 14.d5 cxd5 15.Nxd5 Nxd5
16.Qxd5 Nf4 17.Qd2 Rd7 18.Bb2 Qc7 19.a5 b5 20.c4 bxc4 21.Bxc4 Bf6 22.Rac1 Qd8
23.b4 Bb7 24.Bb3 Ree7 25.Ba4 Rc7 26.Rcd1 Rc4 27.Qxd6 Qxd6 28.Rxd6 h6 29.Ba3 Rec7
30.Nd2 Rc3 31.Nb1 Rd3 32.b5 axb5 33.Bxb5 Rxa3 34.Nxa3 Be7 35.Rb6 Bxa3 36.a6 Bc8
37.Rb8 Kh7 38.a7 Rxa7 39.Rxc8 Bb2 40.Rc2 Bd4 41.Bc4 h5 42.h4 Rc7 43.Rec1 Ng6
44.g3 Kh6 45.Be2 Rb7 46.Rc7 Rb2 47.R1c2 Rb1+ 48.Kg2 f6 49.Rc8 Rb2 50.Rxb2 Bxb2
51.Bc4 Ba3 52.Bf7 Nf8 53.Rc6 Nd7 54.Rc8 g6 55.Bd5 Nf8 56.Rc6 Kg7 57.Rc7+ Kh6
58.Rf7 Nh7 59.Ra7 Bb4 60.Bg8 Nf8 61.Rf7 g5 62.Rxf6+ Kg7 63.Rb6 Be7 64.Rb7 Ng6
65.Be6 gxh4 66.Bf5  1-0

[Event "Spring Open"]
[Site "Belgrade SRB"]
[Date "2009.03.24"]
[Round "4"]
[White "Dimitrijevic,R"]
[Black "Marinovic,B"]
[Result "0-1"]
[WhiteElo "2218"]
[BlackElo "2395"]

1.e4 d6 2.d4 Nf6 3.Nc3 e5 4.Nf3 Nbd7 5.Bc4 h6 6.O-O Be7 7.Re1 c6 8.a4 a5
9.Ba2 O-O 10.Nh4 Re8 11.Ng6 Nf8 12.Nxe7+ Qxe7 13.d5 Ng6 14.g3 Rf8 15.Bc4 c5
16.Be2 Qd8 17.Kh1 Re8 18.Bf3 Nf8 19.Bg2 g5 20.h3 Ng6 21.Kh2 Kg7 22.Rh1 Ng8
23.Be3 Rf8 24.g4 Nf4 25.f3 Ne7 26.Ne2  0-1

[Event "Spring Open"]
[Site "Belgrade SRB"]
[Date "2009.03.24"]
[Round "4"]
[White "Vujadinovic,M"]
[Black "Mrsa,F"]
[Result "1/2-1/2"]
[WhiteElo "2173"]
[BlackElo "2229"]

1.e4 d6 2.d4 Nf6 3.Nc3 e5 4.Nf3 Nbd7 5.Bc4 Be7 6.O-O O-O 7.a4 c6 8.h3 Nxe4
9.Nxe4 d5 10.Ng3 e4 11.Bb3 exf3 12.Qxf3 Bg5 13.c3 Bxc1 14.Rfxc1 Qg5 15.Re1 Qf6
16.Qd3 g6 17.Re3 Qd6 18.Rae1 Nf6 19.Bc2 Bd7 20.Re5 Kg7 21.Qe3 Rae8 22.f4 Ng8
23.f5 f6 24.fxg6 hxg6 25.Nh5+ Kh8 26.Nf4 fxe5 27.Nxg6+ Kg7 28.dxe5 Rf6 29.exf6+ Qxf6
30.Ne5 Bf5 31.Qg3+ Kh7 32.Ng4 Rxe1+ 33.Qxe1 Qg6 34.Bxf5 Qxf5 35.Qf2 Kg6 36.Qxf5+ Kxf5
37.Kf2 Ke4 38.Ke2 Ne7 39.g3 d4 40.Nf2+ Kd5 41.Kd3 dxc3 42.bxc3 b5 43.a5 c5
44.g4 Ke5 45.c4 Nc6 46.cxb5 Nxa5 47.h4 Kd5 48.Kc3 Nc4 49.Ne4 Na3 50.Nf6+ Ke6
51.g5 Nxb5+ 52.Kc4 Nd6+ 53.Kxc5 a5 54.h5 Kf5 55.h6 Kxg5  1/2-1/2

[Event "Victor Ciocaltea Mem"]
[Site "Bucharest ROM"]
[Date "2009.03.24"]
[Round "2"]
[White "Erdogdu,M"]
[Black "Murariu,A"]
[Result "1/2-1/2"]
[WhiteElo "2460"]
[BlackElo "2490"]

1.e4 d6 2.d4 Nf6 3.Nc3 e5 4.Nf3 Nbd7 5.Bc4 Be7 6.O-O O-O 7.Re1 c6 8.a4 a5
9.b3 exd4 10.Nxd4 Nc5 11.Bf4 Ne6 12.Nxe6 Bxe6 13.Bxe6 fxe6 14.e5 Nd5 15.exd6 Bf6
16.Nxd5 exd5 17.Be5 Bxe5 18.Rxe5 Rxf2 19.d7 Rf8 20.Qg4 Qf6 21.Qe6+ Qxe6 22.Rxe6 Rad8
23.Re7 Rf7  1/2-1/2

[Event "25th Spring Festival"]
[Site "Budapest HUN"]
[Date "2009.03.24"]
[Round "5"]
[White "To,N"]
[Black "Juhasz,Kr"]
[Result "1/2-1/2"]
[WhiteElo "2356"]
[BlackElo "2181"]

1.e4 d6 2.d4 Nf6 3.Nc3 e5 4.Nf3 Nbd7 5.Bc4 Be7 6.O-O O-O 7.Re1 a6 8.a4 b6
9.b3 Bb7 10.Bb2 c6 11.Bd3 Re8 12.Ne2 Bf8 13.Ng3 Qc7 14.h3 b5 15.c4 b4 16.Qc2 a5
17.Rad1 g6 18.Bc1 Bg7 19.Be3 exd4 20.Bxd4 Ne5 21.Be2 Nfd7 22.Nh2 c5 23.Bb2 Rad8
24.Ng4 Nxg4 25.Bxg4 Ne5 26.Be2 Qe7 27.Bf1 Nc6  1/2-1/2

[Event "Kaissa Men"]
[Site "Kharkiv UKR"]
[Date "2009.03.25"]
[Round "6"]
[White "Kravtsiv,M"]
[Black "Ivanov,AA"]
[Result "1-0"]
[WhiteElo "2510"]
[BlackElo "2503"]

1.e4 d6 2.d4 Nf6 3.Nc3 c6 4.f4 Qa5 5.Bd3 e5 6.Nf3 Bg4 7.Be3 Qb6 8.Ne2 Nbd7
9.O-O Be7 10.Qd2 Qc7 11.h3 Bxf3 12.Rxf3 d5 13.fxe5 dxe4 14.exf6 Nxf6 15.Bf4 Qd7
16.Bxe4 Nxe4 17.Qd3 f5 18.Be5 Rg8 19.Nc3 Nxc3 20.bxc3 g6 21.Rb1 b6 22.a4 Rf8
23.a5 b5 24.c4 a6 25.Qb3 Rc8 26.Rc3 Rf7 27.d5 Bc5+ 28.Kh1 b4 29.Rd3 Re7 30.Ba1 Re4
31.Qb2 cxd5 32.Qh8+ Bf8 33.Rxd5 Qe7 34.Bf6 Qe6 35.Rbd1 Re1+ 36.Rxe1 Qxe1+
37.Kh2 Kf7 38.Be5 Qh4 39.g3 Qxc4 40.Qxh7+  1-0